| 000 | 00733nam a2200217 a 4500 | ||
|---|---|---|---|
| 005 | 20170615123911.0 | ||
| 008 | 140220b1996 ck ||||| |||| 00| 0 spa d | ||
| 040 |
_aCO-BoIAVH _cCO-BoIAVH |
||
| 041 | _aspa | ||
| 044 | _ack | ||
| 090 |
_aTE _b00317 |
||
| 100 | _aCastaño, Sandra | ||
| 245 | _aInforme final del estudio del impacto socioeconómico y ambiental de las industrias de la palma africana y el camarón de cultivo en el municipio de Tumaco, departamento de Nariño | ||
| 260 |
_aBogotá _bProyecto Biopacífico _c1996 |
||
| 300 | _a110 páginas | ||
| 650 | _aPalma africana de aceite | ||
| 650 | _aCamarones | ||
| 650 | _aImpacto ambiental | ||
| 650 | _aBiocomercio | ||
| 942 |
_cTESIS _2z |
||
| 999 |
_c337 _d337 |
||